Информационная система анализа энергетической эффективности территорий; Молодежь и современные информационные технологии; Т. 1

Bibliografiske detaljer
Parent link:Молодежь и современные информационные технологии: сборник трудов XIII Международной научно-практической конференции студентов, аспирантов и молодых ученых, г. Томск, 9-13 ноября 2015 г./ Национальный исследовательский Томский политехнический университет (ТПУ), Институт кибернетики (ИК) ; под ред. Т. Е. Мамоновой [и др.].— , 2016
Т. 1.— 2016.— [С. 117-119]
Hovedforfatter: Аксёнов А. В. Андрей Владимирович
Institution som forfatter: Национальный исследовательский Томский политехнический университет (ТПУ) Институт кибернетики (ИК) Инновационный научно-образовательный центр подготовки профессиональной элиты по информационным технологиям (ИНОЦ ЦППЭ ИТ) Центр коллективного пользования "Суперкомпьютерный кластер" (ЦКП СКК)
Andre forfattere: Медведев А. С., Силич М. П.
Summary:Заглавие с титульного экрана
Sprog:russisk
Udgivet: 2016
Serier:Математическое моделирование и компьютерный анализ данных
Fag:
Online adgang:http://earchive.tpu.ru/handle/11683/17097
Format: MixedMaterials Electronisk Book Chapter
KOHA link:https://koha.lib.tpu.ru/cgi-bin/koha/opac-detail.pl?biblionumber=617553

MARC

LEADER 00000naa2a2200000 4500
001 617553
005 20231101132951.0
035 |a (RuTPU)RU\TPU\conf\15866 
035 |a RU\TPU\conf\15865 
090 |a 617553 
100 |a 20160316d2016 k y0rusy50 ca 
101 0 |a rus  |g rus 
102 |a RU 
105 |a y z 101zy 
135 |a drcn ---uucaa 
181 0 |a i  
182 0 |a b 
200 1 |a Информационная система анализа энергетической эффективности территорий  |f А. В. Аксёнов, А. С. Медведев, М. П. Силич 
203 |a Текст  |c электронный 
225 1 |a Математическое моделирование и компьютерный анализ данных 
230 |a 1 компьютерный файл (pdf; 466 Кb) 
300 |a Заглавие с титульного экрана 
320 |a [Библиогр.: с. 119 (5 назв.)] 
337 |a Adobe Reader 
461 1 |0 (RuTPU)RU\TPU\conf\15701  |t Молодежь и современные информационные технологии  |o сборник трудов XIII Международной научно-практической конференции студентов, аспирантов и молодых ученых, г. Томск, 9-13 ноября 2015 г.  |o в 2 т.  |f Национальный исследовательский Томский политехнический университет (ТПУ), Институт кибернетики (ИК) ; под ред. Т. Е. Мамоновой [и др.]  |d 2016 
463 0 |0 (RuTPU)RU\TPU\conf\15703  |t Т. 1  |v [С. 117-119]  |d 2016 
610 1 |a труды учёных ТПУ 
610 1 |a электронный ресурс 
610 1 |a информационные системы 
610 1 |a энергетическая эффективность 
610 1 |a энергосбережение 
610 1 |a экономика 
610 1 |a Россия 
700 1 |a Аксёнов  |b А. В.  |c специалист в области информатики и вычислительной техники  |c инженер Томского политехнического университета  |f 1990-  |g Андрей Владимирович  |2 stltpush  |3 (RuTPU)RU\TPU\pers\33431 
701 1 |a Медведев  |b А. С. 
701 1 |a Силич  |b М. П. 
712 0 2 |a Национальный исследовательский Томский политехнический университет (ТПУ)  |b Институт кибернетики (ИК)  |b Инновационный научно-образовательный центр подготовки профессиональной элиты по информационным технологиям (ИНОЦ ЦППЭ ИТ)  |b Центр коллективного пользования "Суперкомпьютерный кластер" (ЦКП СКК)  |h 5530  |2 stltpush  |3 (RuTPU)RU\TPU\col\19157 
801 2 |a RU  |b 63413507  |c 20160404  |g RCR 
856 4 |u http://earchive.tpu.ru/handle/11683/17097 
942 |c BK